| 000 | 00711cab a2200241 4500 | ||
|---|---|---|---|
| 001 | WB2827-23 | ||
| 008 | 090401t1992 xxu||||| |||| 00| 0 eng d | ||
| 035 | _a(Sirsi) u55468 | ||
| 041 | _aeng | ||
| 245 | _aHousing market fails to pick up | ||
| 260 | _c1992 | ||
| 350 | _a0 | ||
| 490 |
_aDaily Express _v8 July 1992, 24(1) |
||
| 520 | _aA survey by Abbey National`s estate agency, Cornerstone, shows the house prices are static or still falling. | ||
| 650 | _aABBEY NATIONAL | ||
| 650 | _aCORNERSTONE | ||
| 650 | _aHOUSE PRICES | ||
| 650 | _aHOUSING MARKET | ||
| 650 | _aREPOSSESSIONS | ||
| 690 | _aPROPERTY-RESIDENTIAL PROPERTY-RESIDENTIAL PROPERTY MARKET | ||
| 942 | _n0 | ||
| 948 | _c04/03/1997 | ||
| 999 |
_c33887 _d33887 |
||